LEADER 01855oam 2200505M 450 001 9910716523103321 005 20210706142314.0 035 $a(CKB)5470000002522927 035 $a(OCoLC)1065592678 035 $a(OCoLC)995470000002522927 035 $a(EXLCZ)995470000002522927 100 $a20071213d1926 ua 0 101 0 $aeng 135 $aurcn||||||||| 181 $ctxt$2rdacontent 182 $cc$2rdamedia 183 $acr$2rdacarrier 200 10$aTo amend paragraph 2 of section 7 of the Farm Loan Act. May 26 (calendar day, May 27), 1926. -- Ordered to be printed 210 1$a[Washington, D.C.] :$c[U.S. Government Printing Office],$d1926. 215 $a1 online resource (1 page) 225 1 $aSenate report / 69th Congress, 1st session. Senate ;$vno. 947 225 1 $a[United States congressional serial set] ;$v[serial no. 8526] 300 $aBatch processed record: Metadata reviewed, not verified. Some fields updated by batch processes. 300 $aFDLP item number not assigned. 517 $aTo amend paragraph 2 of section 7 of the Farm Loan Act. May 26 606 $aAgriculture and state 606 $aBank management 606 $aBanks and banking 606 $aLand banks 606 $aLegislative amendments 608 $aLegislative materials.$2lcgft 615 0$aAgriculture and state. 615 0$aBank management. 615 0$aBanks and banking. 615 0$aLand banks. 615 0$aLegislative amendments. 701 $aMcLean$b George Payne$f1857-1932$pRepublican (CT)$01386833 801 0$bWYU 801 1$bWYU 801 2$bOCLCO 801 2$bOCLCQ 906 $aBOOK 912 $a9910716523103321 996 $aTo amend paragraph 2 of section 7 of the Farm Loan Act. May 26 (calendar day, May 27), 1926. -- Ordered to be printed$93463545 997 $aUNINA